| 000 | 00707 a2200193 4500 | ||
|---|---|---|---|
| 001 | 36839 | ||
| 005 | 20260407155640.0 | ||
| 008 | 260407a1976 arg spa d | ||
| 003 | AR-UNSa-BCEJYS | ||
| 040 |
_aAR-UNSa-BCEJYS _bspa _cAR-UNSa-BCEJYS |
||
| 080 |
_a658.51 _xOrganización de la producción |
||
| 245 | 1 | 0 |
_aProducción _pestudio de casos |
| 264 | 1 |
_aBuenos Aires : _bEl Coloquio _c1976 |
|
| 300 |
_a348 p. _c21 cm. |
||
| 505 | _a1. Organización - 2. Evaluación de proyectos - 3. Procesos productivos - 4. Lay - out movimiento de materiales - 5. Planeamiento - 6. Programación - 7. Gestión de stocks | ||
| 942 | _cBK | ||
| 590 | _aniveau_biblio:m niveau_hierar:0 | ||
| 100 | 1 | _aRusinek, Juan Jose | |
| 999 |
_c2679 _d2679 |
||